000 00598nam a2200241Ia 4500
003 OSt
005 20220924150424.0
006 a|||||r|||| 00| 0
007 ta
008 220923b |||||||| |||| 00| 0 tel d
020 _c25
024 _a333064
037 _cTextual
040 _aARTS
_cARTS
_btel
041 _2tel
_atel
082 _aO35,1M92w,1, M0
100 _aSastri Chidambara
_9222078
245 0 _aJeevita charitra
260 _c1980
650 _aTELUGU POETRY
942 _hO35,1M92w,1, M0
_cTEXL
_2CC
999 _c463266
_d463266